| 000 | 00587nam a2200169Ia 4500 | ||
|---|---|---|---|
| 008 | 090711s9999 xx 000 0 und d | ||
| 082 | _b62947 | ||
| 100 | _aदेवल गोविंद ब. | ||
| 245 | _aसंगीत संशय-कल्लोल | ||
| 260 |
_bहनुमान छापखाना _c1928 |
||
| 300 | _a126 | ||
| 600 | _aदेवल गोविंद ब. | ||
| 630 | _aसंगीत संशय-कल्लोल | ||
| 700 | _aदेवल गोविंद ब. | ||
| 730 | _aसंगीत संशय-कल्लोल | ||
| 942 | _cBOOK | ||
| 999 |
_c307921 _d307921 |
||